000 00480nam a2200181Ia 4500
005 20250508152603.0
008 008 250505s9999 xx 000 0 hin d
037 _aTextual
040 _aFEDL
_beng
_cFEDL
041 _ahin
_2eng
084 _a660, GUP
_qFEDL
100 _aGupta Shobhalal
_9761876
245 0 _aGramoudhyog
260 _aNew Delhi, India
_bSasta Sahitya Mandal
_c1959
300 _a76p.
942 _cTEXL
_h660, GUP
999 _c1337430
_d1337430